000 00611cam a2200193 4500500
005 20260329002746.0
041 _afre
042 _adc
100 1 0 _aLacroix, Alexandre
_eauthor
245 0 0 _aFaut-il vraiment choisir entre la culpabilité et l’héroïsme ?
260 _c2013.
500 _a50
690 _aEdward Snowden
690 _aEspionnage
690 _aSurveillance
690 _aTransparence
786 0 _nPhilosophie magazine | 72 | 9 | 2013-09-01 | p. 5-5 | 1951-1787
856 4 1 _uhttps://shs.cairn.info/magazine-philosophie-magazine-2013-9-page-5?lang=fr&redirect-ssocas=7080
999 _c1818099
_d1818099